Trump’s Drones Trees Bicycling Monologue - Statistics

General Stats
  • This quiz has been taken 6 times
  • The average score is 18 of 113
Answer Stats
Monologue % Correct
drone
100%
drone
75%
is
75%
The
75%
a
50%
I
50%
the
50%
The
50%
tree
50%
and
25%
bicycling
25%
Biden
25%
by
25%
he
25%
it
25%
it’s
25%
of
25%
on
25%
see
25%
so
25%
that
25%
to
25%
was
25%
who?
25%
You
25%
you
25%
airports
0%
also,
0%
assistance
0%
because
0%
behind
0%
being
0%
Buttigieg
0%
chance.
0%
circles
0%
comes
0%
department,
0%
didn’t
0%
Do
0%
do
0%
don’t
0%
down
0%
Duffy.
0%
Duffy,
0%
fire,
0%
for
0%
four
0%
getting
0%
goes
0%
have
0%
head
0%
head,
0%
hide
0%
intense.
0%
killing
0%
knocked
0%
know
0%
like
0%
line
0%
mean
0%
now
0%
numbers
0%
people.
0%
Pete
0%
right
0%
sawed
0%
Sean
0%
these
0%
they’re
0%
thing
0%
timberman,
0%
top
0%
transportation
0%
trees
0%
tremendous
0%
way,
0%
who’s
0%
with
0%
work.
0%
working
0%
years
0%
No matching quizzes found
Score Distribution
Percent of People with Each Score
Percentile by Number Answered
Your Score History
You have not taken this quiz